000 00465nam a2200181Ia 4500
008 090124s9999 xx 000 0 und d
082 _b132303
100 _aभट अविनाश
245 _a ग्लोरिया
250 _a1
260 _c2002
300 _a160
600 _aभट अविनाश
630 _a ग्लोरिया
700 _aभट अविनाश
730 _a ग्लोरिया
942 _cBOOK
999 _c178392
_d178392